Fußballer, gezeichnet von KI #1 - Statistiken

Allgemein
  • Dieses Quiz wurde 207 mal gespielt
    189 seit der letzten Aktualisierung
  • Das Durchschnittsergebnis liegt bei 12 aus 16
Antwortstatistiken
Bildquiz Antwort % Korrekt
Cristiano Ronaldo
100%
Pelé
96%
Erling Haaland
94%
Zlatan Ibrahimović
94%
Diego Maradona
90%
Gareth Bale
89%
Wayne Rooney
89%
Luis Suárez
85%
Franz Beckenbauer
83%
Thierry Henry
79%
Johan Cruyff
78%
Samuel Eto'o
56%
Peter Schmeichel
54%
George Best
44%
Carlos Valderrama
31%
Lew Jaschin
26%
Keine übereinstimmenden Quizze gefunden
Verteilung der Resultate
Anzahl Personen mit jedem Resultat
Perzentil nach korrekt beantworteten Fragen
Ihre Resultats-Entwicklung
Sie haben dieses Quiz seit der letzten Aktualisierung nicht gespielt